00401nam a2200181Ia 4500008004100000020001800041050001400059100001500073245001700088245001500105260001500120260001600135260000900151300001400160300002700174300001000201500000800211170918s9999 xx 000 0 und d a9780590486156 bG633 1989 aGomi, Taro aMy friends / cTaro Gomi. aNew York : bScholastic, c1989 aunpaged : bcolored illustration ; c21cm. a470